000 00595nam a2200229Ia 4500
003 OSt
005 20221007072545.0
006 a|||||r|||| 00| 0
007 ta
008 221006b |||||||| |||| 00| 0 eng d
024 _a25,742
037 _cTextual
040 _aFLL
_cFLL
_beng
041 _2eng
_aeng
082 _aZ:8831, L0
100 _aNapley David
_9690930
245 0 _aTechnique of persuasion
260 _aLondon
_bSweet & Maxwell London
_c1970
300 _axii,1-104p
_ccm.
942 _hZ:8831, L0
_cTEXL
_2CC
999 _c1146416
_d1146416